Nghiên cứu thực nghiệm quá trình phun và cháy của nhiên liệu trong điều kiện mô phỏng hoạt động của động cơ diesel sử dụng áp suất nhiên liệu cao : Báo cáo tổng kết đề tài khoa học cấp Trường

সংরক্ষণ করুন:
গ্রন্থ-পঞ্জীর বিবরন
প্রধান লেখক:  Võ, Tấn Châu
বিন্যাস: গ্রন্থ
ভাষা:Undetermined
প্রকাশিত:  Đại học Công nghiệp TP. Hồ Chí Minh  2024
বিষয়গুলি:
ট্যাগগুলো: ট্যাগ যুক্ত করুন
কোনো ট্যাগ নেই, প্রথমজন হিসাবে ট্যাগ করুন!
Thư viện lưu trữ: Trung tâm Thư viện - Trường Đại học Công nghiệp TP. Hồ Chí Minh
LEADER 00817nam a2200157Ia 4500
001 IUH_2025_00537
008 251224s9999 xx 000 0 und d
082 |a  621.436 
100 |a  Võ, Tấn Châu 
245 0 |a  Nghiên cứu thực nghiệm quá trình phun và cháy của nhiên liệu trong điều kiện mô phỏng hoạt động của động cơ diesel sử dụng áp suất nhiên liệu cao : Báo cáo tổng kết đề tài khoa học cấp Trường 
245 0 |c  Võ, Tấn Châu 
260 |b  Đại học Công nghiệp TP. Hồ Chí Minh 
260 |c  2024 
650 |a  Động cơ diesel;  
927 |a Đề tài khoa học 
980 |a Trung tâm Thư viện - Trường Đại học Công nghiệp TP. Hồ Chí Minh